UNESCO sourcebook for science in the primary school : (Record no. 6287)

MARC details
000 -LEADER
fixed length control field 00589cam a2200217ua 4500
001 - CONTROL NUMBER
control field 7166
005 - DATE AND TIME OF LATEST TRANSACTION
control field 20260515114149.0
008 - FIXED-LENGTH DATA ELEMENTS--GENERAL INFORMATION
fixed length control field 141127n ii |||gr||||Z||||||eng
020 ## - INTERNATIONAL STANDARD BOOK NUMBER
International Standard Book Number 9788123722078
040 ## - CATALOGING SOURCE
Transcribing agency MAIN
041 ## - LANGUAGE CODE
Language code of text/sound track or separate title eng
082 ## - DEWEY DECIMAL CLASSIFICATION NUMBER
Classification number 371
100 ## - MAIN ENTRY--PERSONAL NAME
Personal name Harlen,W.,
Relator term Author.
245 ## - TITLE STATEMENT
Title UNESCO sourcebook for science in the primary school :
Remainder of title Workshop approach to teacher education /
Statement of responsibility, etc. By Wynne Harlen .
250 ## - EDITION STATEMENT
Edition statement 1st.
260 ## - PUBLICATION, DISTRIBUTION, ETC.
Place of publication, distribution, etc. New Delhi:
Name of publisher, distributor, etc. National,
Date of publication, distribution, etc. 2010.
300 ## - PHYSICAL DESCRIPTION
Extent 271p.
653 ## - INDEX TERM--UNCONTROLLED
Uncontrolled term Primary schools
700 ## - ADDED ENTRY--PERSONAL NAME
Personal name Elstgeest,J.,
Relator term Author.
942 ## - ADDED ENTRY ELEMENTS (KOHA)
Koha item type Books
Holdings
Withdrawn status Lost status Damaged status Not for loan Home library Current library Shelving location Date acquired Total checkouts Full call number Barcode Date last seen Copy number Price effective from Koha item type
        Naharkatiya College Library Naharkatiya College Library General stacks 09/19/2020   371.0454 | HAR 21619 09/19/2020 3 09/19/2020 Books
        Naharkatiya College Library Naharkatiya College Library General stacks 09/19/2020   371.0454 | HAR 21632 09/19/2020 2 09/19/2020 Books
        Naharkatiya College Library Naharkatiya College Library General stacks 09/19/2020   371.0454 | HAR 21633 09/19/2020 1 09/19/2020 Books